000 00300nam a22001337a 4500
008 181010b xxu||||| |||| 00| 0 eng d
020 _a9780135075944
041 _aeng
080 _25th
_a610.73
100 _a2
101 _aINF
245 _aMedical-Surgical Nursing
_cLeMone,P
942 _2udc
_cBK
999 _c49294
_d49294